[Event "Victoria-ch U14/U16/U18"]
[Site "Box Hill"]
[Date "2005.05.01"]
[Round "7"]
[White "Jia, Jing Qu"]
[Black "Vijayakumar, Rukman"]
[Result "1-0"]
[WhiteElo "1769"]
[BlackElo "1781"]
[PlyCount "99"]
[EventDate "2005.05.05"]
[EventType "swiss"]
[EventRounds "8"]
[EventCountry "AUS"]
[SourceTitle "EXT 2018"]
[Source "ChessBase"]
[SourceDate "2017.10.13"]
[SourceVersion "1"]
[SourceVersionDate "2017.10.13"]
[SourceQuality "1"]

1. e4 e5 2. Bc4 Nf6 3. d4 exd4 4. Nf3 Nc6 5. e5 d5 6. Bb5 Ne4 7. Nxd4 Bd7 8. Bxc6 bxc6 9. 0-0 Bc5 10. c3 Qe7 11. Kh1 0-0 12. f3 Ng5 13. Bf4 Ne6 14. Bg3 Bxd4 15. cxd4 Qb4 16. Nc3 Qxd4 17. Qxd4 Nxd4 18. Rfd1 Ne6 19. Rac1 Rad8 20. Ne2 Rfe8 21. Nd4 Nxd4 22. Rxd4 Rb8 23. b3 a5 24. Rc5 Rb4 25. Rd1 a4 26. Be1 Rb6 27. bxa4 Rxe5 28. Bg3 Re2 29. Bxc7 Rbb2 30. Rcc1 Rxa2 31. a5 Rxg2 32. a6 Rxh2+ 33. Bxh2 Rxa6 34. Ra1 Rxa1 35. Rxa1 h5 36. Ra7 Be6 37. Rc7 d4 38. Rxc6 Bd5 39. Rc8+ Kh7 40. Kg2 d3 41. Rd8 Bc4 42. Rd4 Ba6 43. Bf4 f6 44. Bd2 Kg6 45. Kg3 Kf7 46. Rd7+ Kg8 47. Kh4 Bc4 48. Rd4 Ba6 49. Rd5 Bb7 50. Rxd3 1-0

[Event "Victoria-ch U14/U16/U18"]
[Site "Box Hill"]
[Date "2005.05.01"]
[Round "8"]
[White "Lin, Zhigen Wilson"]
[Black "Jia, Jing Qu"]
[Result "0-1"]
[WhiteElo "1852"]
[BlackElo "1769"]
[PlyCount "36"]
[EventDate "2005.05.05"]
[EventType "swiss"]
[EventRounds "8"]
[EventCountry "AUS"]
[SourceTitle "EXT 2018"]
[Source "ChessBase"]
[SourceDate "2017.10.13"]
[SourceVersion "1"]
[SourceVersionDate "2017.10.13"]
[SourceQuality "1"]

1. d4 Nf6 2. Bg5 d5 3. Bxf6 gxf6 4. c4 e5 5. e3 Nc6 6. dxe5 fxe5 7. cxd5 Nb4 8. Nc3 h5 9. e4 Bc5 10. a3 Na6 11. Nf3 Qe7 12. Bxa6 bxa6 13. Qa4+ Bd7 14. Qxa6 Rg8 15. Qb7 Rc8 16. g3 Qf6 17. Na4 Qxf3 18. Nxc5 Qxh1+ 0-1

[Event "Victoria-ch op"]
[Site "Box Hill"]
[Date "2004.06.12"]
[Round "1"]
[White "Hopf, Lorna"]
[Black "Jia, Jing Qu"]
[Result "0-1"]
[WhiteElo "1214"]
[BlackElo "1769"]
[PlyCount "60"]
[EventDate "2004.06.12"]
[EventType "swiss"]
[EventRounds "7"]
[EventCountry "AUS"]
[SourceTitle "EXT 2018"]
[Source "ChessBase"]
[SourceDate "2017.10.13"]
[SourceVersion "1"]
[SourceVersionDate "2017.10.13"]
[SourceQuality "1"]

1. e4 Nf6 2. Nc3 d5 3. exd5 Nxd5 4. Nxd5 Qxd5 5. Nf3 Nc6 6. Be2 e5 7. d3 Bc5 8. 0-0 0-0 9. Be3 Bf5 10. a3 a6 11. b4 Bd6 12. Ng5 Nd4 13. Bf3 Nxf3+ 14. Qxf3 Qxf3 15. Nxf3 a5 16. Bd2 a4 17. Be3 Rfe8 18. Rfe1 f6 19. Nd2 Rac8 20. Nc4 b5 21. Nxd6 cxd6 22. Re2 Rc3 23. f3 Rec8 24. f4 Rxc2 25. Rxc2 Rxc2 26. fxe5 fxe5 27. d4 Be4 28. dxe5 Rxg2+ 29. Kf1 dxe5 30. Re1 Rxh2 0-1

[Event "Victoria-ch op"]
[Site "Box Hill"]
[Date "2004.06.12"]
[Round "2"]
[White "Jia, Jing Qu"]
[Black "Smerdon, David"]
[Result "0-1"]
[WhiteElo "1769"]
[BlackElo "2389"]
[PlyCount "50"]
[EventDate "2004.06.12"]
[EventType "swiss"]
[EventRounds "7"]
[EventCountry "AUS"]
[SourceTitle "EXT 2018"]
[Source "ChessBase"]
[SourceDate "2017.10.13"]
[SourceVersion "1"]
[SourceVersionDate "2017.10.13"]
[SourceQuality "1"]

1. Nf3 Nf6 2. b3 g6 3. Bb2 Bg7 4. e3 0-0 5. d4 d6 6. c4 Nbd7 7. Nbd2 Re8 8. Qc2 e5 9. d5 e4 10. Nd4 Ne5 11. g3 c6 12. dxc6 bxc6 13. 0-0-0 a6 14. Nxe4 Nxe4 15. Qxe4 Nxc4 16. Qxc6 Nxb2 17. Kxb2 Bg4 18. Rd2 Rc8 19. Qg2 Qa5 20. f3 Qc3+ 21. Ka3 d5 22. Nc6 Rxc6 23. Rd4 Bf8+ 24. Ka4 Rc4+ 25. Rxc4 Bd7+ 0-1